Estonia Country Quiz - Statistics

General Stats
  • This quiz has been taken 429 times
  • The average score is 7 of 15
Answer Stats
Hint Answer % Correct
capital Tallinn
97%
Second largest city Tartu
82%
Currency Euro
81%
Largest island Saaremaa
70%
Second largest island Hiiumaa
61%
Third largest city Narva
60%
Second longest river Parnu river
57%
River in the above Emajogi River
45%
Highest Point Munamagi
38%
above flows into what lake Lake Peipus
37%
The source of #3 is what large lake west of answer to #2 Vortsjarv
32%
National park in the far north Lahemaa National Park
20%
Longest river (mainly in Latvia) Gauja River
6%
Strait between above and Latvia Irbe Strait
5%
Third largest island Maha
4%
No matching quizzes found
Score Distribution
Percent of People with Each Score
Percentile by Number Answered
Your Score History
You have not taken this quiz